<?xml version='1.0' encoding='UTF-8'?><?xml-stylesheet href='static/style.xsl' type='text/xsl'?><OAI-PMH xmlns="http://www.openarchives.org/OAI/2.0/" xmlns:xsi="http://www.w3.org/2001/XMLSchema-instance" xsi:schemaLocation="http://www.openarchives.org/OAI/2.0/ http://www.openarchives.org/OAI/2.0/OAI-PMH.xsd"><responseDate>2026-05-01T10:26:12Z</responseDate><request verb="GetRecord" identifier="oai:ebiltegia.mondragon.edu:20.500.11984/4928" metadataPrefix="marc">https://ebiltegia.mondragon.edu/oai/request</request><GetRecord><record><header><identifier>oai:ebiltegia.mondragon.edu:20.500.11984/4928</identifier><datestamp>2024-01-04T21:57:02Z</datestamp><setSpec>com_20.500.11984_1736</setSpec><setSpec>com_20.500.11984_1627</setSpec><setSpec>col_20.500.11984_1972</setSpec></header><metadata><record xmlns="http://www.loc.gov/MARC21/slim" xmlns:dcterms="http://purl.org/dc/terms/" xmlns:xsi="http://www.w3.org/2001/XMLSchema-instance" xmlns:doc="http://www.lyncode.com/xoai" xsi:schemaLocation="http://www.loc.gov/MARC21/slim http://www.loc.gov/standards/marcxml/schema/MARC21slim.xsd">
   <leader>00925njm 22002777a 4500</leader>
   <datafield ind2=" " ind1=" " tag="042">
      <subfield code="a">dc</subfield>
   </datafield>
   <datafield ind2=" " ind1=" " tag="720">
      <subfield code="a">Mondragon Unibertsitatea</subfield>
      <subfield code="e">author</subfield>
   </datafield>
   <datafield ind2=" " ind1=" " tag="260">
      <subfield code="c">2017-03-28</subfield>
   </datafield>
   <datafield ind2=" " ind1=" " tag="520">
      <subfield code="a">Albiste on batekin hasiko da aurtengo Huhezinema: AIC kalitate ziurtagiria eman dio jaialdiari. Horrela, Espainiako Asociación de la Industria del Cortometraje (AIC) erakundeak aitortu nahi izan du lehiaketak egin duen 10 urteko ibilbidea. Aurten gainera, ohiko lehiaketa eta proiekzio gain, Ikus-entzunezko Komunikazioa graduko 4. mailako ikasleek antolatzen duten jaialdiak berrikuntza asko izango ditu oraingo edizioan. Besteak beste, aurten estreinatuko ditu irudi grafiko eta atal berriak eta egingo dute aurreko edizioetako ikasle antolatzaileen bilkura. Martxoaren 29, 30 eta 31 egingo dute, Aretxabaletako Arkupe Kultur-Etxean, Huhezinema Euskal Film Laburren Jaialdiaren 10. edizioa.</subfield>
   </datafield>
   <datafield ind2=" " ind1=" " tag="520">
      <subfield code="a">Huhezinema tendrá un excelente inicio en su décima edición: la Asociación de la Industria del Cortometraje (AIC) a otorgado al certamen su certificado de calidad. Además, en la presente edición el certamen organizado por alumnos de 4º curso del Grado de Comunicación Audiovisual contará con interesantes novedades para celebrar su 10. aniversario. El festival de cortos vascos Huhezinema se celebrará del 29 al 31 de marzo en la Casa de Cultura Arkupe de Aretxabaleta.</subfield>
   </datafield>
   <datafield ind1="8" ind2=" " tag="024">
      <subfield code="a">https://www.youtube.com/watch?v=DQCTaYGDWFk</subfield>
   </datafield>
   <datafield ind1="8" ind2=" " tag="024">
      <subfield code="a">http://embedr.flickr.com/assets/client-code.js</subfield>
   </datafield>
   <datafield ind1="8" ind2=" " tag="024">
      <subfield code="a">https://c1.staticflickr.com/3/2872/32867954573_20df559c93.jpg</subfield>
   </datafield>
   <datafield ind1="8" ind2=" " tag="024">
      <subfield code="a">https://www.flickr.com/photos/huhezi/32867954573/in/dateposted-public/</subfield>
   </datafield>
   <datafield ind1="8" ind2=" " tag="024">
      <subfield code="a">https://hdl.handle.net/20.500.11984/4928</subfield>
   </datafield>
   <datafield tag="653" ind2=" " ind1=" ">
      <subfield code="a">Humanitate eta Hezkuntza Zientzien Fakultatea</subfield>
   </datafield>
   <datafield ind2="0" ind1="0" tag="245">
      <subfield code="a">AIC kalitate ziurtagiria lortuta eta berrikuntza askorekin egingo dute Huhezinema Euskal Film Laburren Jaialdia, martxoaren 29tik 31ra</subfield>
   </datafield>
   <datafield ind2="0" ind1="0" tag="245">
      <subfield code="a">Habiendo recibido el certificado de calidad AIC y lleno de novedades, se celebra del 29 al 31 de marzo el festival de cortos vascos Huhezinema</subfield>
   </datafield>
</record></metadata></record></GetRecord></OAI-PMH>